000 00418 a2200145 4500
999 _c1415
_d1415
020 _a9781485102175
050 _aHF 5415.123 MAR 2014
100 _aKoekemoer, Ludi
_eeditor
245 _aMarketing Communication:
_ban integrated approach/
_cLudi Ko
264 _aCape Town:
_bJuta,
_c2014
300 _a514p.:
_bill.
500 _aIncludes index
650 _aMarketing Communication
942 _2lcc
_cBK
_h5415.123
_iMAR
_kHF